Discursos y declaraciones del coronel Jesús Vidales Marroquín /

Guardado en:
Bibliografiske detaljer
Hovedforfatter: Vidales Marroquín, Jesús (autor)
Format: Bog
Sprog:spansk
Udgivet: México : Parlamentarios de la Revolución, 1962
Tags: Tilføj Tag
Ingen Tags, Vær først til at tagge denne postø!

MARC

LEADER 00000nam^a2200000^a^4500
001 000425264
005 20250526000000.0
009 20260310122712.315
037 |a Acervo ITESO - Biblioteca 
041 |a ESP 
091 |a FHM. 02276 
100 |a Vidales Marroquín, Jesús  |e (autor) 
245 1 0 |a Discursos y declaraciones del coronel Jesús Vidales Marroquín / 
264 1 |a México :  |b Parlamentarios de la Revolución,  |c 1962 
300 |a 120 p. ;  |c 18.5 cm. 
336 |a texto  |b txt  |2 rdacontenido 
337 |a sin mediación  |b n  |2 rdamedio 
338 |a volumen  |b nc  |2 rdasoporte 
649 |a XX 
910 |a Fondo Hugo B. Margáin 
920 |a Impresos - Libros 
930 |a Libros Antiguos y Raros 
905 |a 126 
901 |a 0500307193  |b IT2  |c LRA  |i D112960  |u 20250526 
902 |a https://opac.biblio.iteso.mx/vufind/Record/000425264